Statistiken für Länder mit dem höchsten HDI (2020)

Klicken Sie hier um das Quiz zu spielen!

Allgemein

  • Dieses Quiz wurde 140 mal gespielt
  • Das Durchschnittsergebnis liegt bei 12 aus 15

Antwortstatistiken

HDIAntwort% Korrekt
0,942Deutschland
98%
0,947Schweden
93%
0,962Schweiz
93%
0,961Norwegen
92%
0,940Finnland
90%
0,948Dänemark
84%
0,936Kanada
82%
0,941Niederlande
82%
0,959Island
80%
0,937Belgien
78%
0,951Australien
70%
0,945Irland
63%
0,937Neuseeland
63%
0,935Liechtenstein
55%
0,939Singapur
55%

Verteilung der Resultate

Perzentil nach korrekt beantworteten Fragen

Anzahl Personen mit jedem Resultat

Ihre Resultats-Entwicklung

Sie haben dieses Quiz noch nicht gespielt